[Event "Frankfurt Ch A 2019"]
[Site "Ffm-Höchst, BiKuZ"]
[Date "2019.05.13"]
[Round "3.28"]
[White "Weiland, Thomas"]
[Black "Calvi, Stefan"]
[Result "0-1"]
[WhiteElo "1751"]
[BlackElo "1953"]
[PlyCount "86"]
[EventDate "2019.??.??"]
[WhiteTeam "SV Oberursel"]
[BlackTeam "SF Frankfurt"]

1. c4 Nf6 2. Nc3 c5 3. g3 g6 4. Bg2 Bg7 5. Nf3 O-O 6. O-O Nc6 7. d3 d6 8. Re1
e5 9. e4 Be6 10. Nd5 Bxd5 11. exd5 Ne7 12. Rb1 a5 13. a4 h6 14. Bd2 Nd7 15. Qc1
Kh7 16. Bc3 f5 17. Nd2 g5 18. f3 Nf6 19. Qc2 Kh8 20. Rf1 b6 21. Rbe1 Qd7 22.
Qd1 Ng6 23. b3 h5 24. h3 Rae8 25. Rf2 h4 26. g4 Nf4 27. Bf1 Re7 28. Rh2 Rfe8
29. Re3 N6xd5 30. cxd5 Nxd5 31. Re1 Nxc3 32. Qc1 e4 33. dxe4 fxg4 34. hxg4 d5
35. Rg2 Qd6 36. Bd3 Qf4 37. Bb5 Nxb5 38. axb5 Be5 39. Kh1 Bd4 40. Rge2 dxe4 41.
Rxe4 Rxe4 42. Rxe4 Rxe4 43. fxe4 Be5 0-1

[Event "Frankfurt Ch A 2019"]
[Site "Ffm-Höchst, BiKuZ"]
[Date "2019.05.13"]
[Round "3.29"]
[White "Kuhn, Gerhard"]
[Black "Münstermann, Matthias"]
[Result "1/2-1/2"]
[WhiteElo "1941"]
[BlackElo "1666"]
[PlyCount "69"]
[EventDate "2019.??.??"]
[WhiteTeam "SK Marburg"]
[BlackTeam "SK Langen"]

1. e4 c5 2. c3 Nf6 3. e5 Nd5 4. d4 cxd4 5. cxd4 Nc6 6. Nf3 e6 7. a3 Be7 8. Bd3
O-O 9. O-O d6 10. Qe2 dxe5 11. dxe5 f5 12. b4 b6 13. Rd1 Qe8 14. Bc4 Bb7 15.
Bxd5 exd5 16. Nc3 d4 17. Nd5 Rd8 18. Nxe7+ Nxe7 19. Nxd4 Qg6 20. f3 Nd5 21. Ra2
Nc3 22. Qc4+ Bd5 23. Qxc3 Bxa2 24. Re1 Be6 25. Nc6 Rd7 26. b5 f4 27. Kh1 Kh8
28. Qb4 Qf7 29. Bb2 Re8 30. Bc1 Bd5 31. Nd4 Rc7 32. Qd6 Rd7 33. Qb4 Rc7 34. Qd6
Rd7 35. Qb4 1/2-1/2

[Event "Frankfurt Ch A 2019"]
[Site "Ffm-Höchst, BiKuZ"]
[Date "2019.05.13"]
[Round "3.31"]
[White "Rotermund, Verena"]
[Black "Thomas, Norbert"]
[Result "0-1"]
[WhiteElo "1695"]
[BlackElo "1923"]
[PlyCount "44"]
[EventDate "2019.??.??"]
[WhiteTeam "Vorw.Orient Mainz"]
[BlackTeam "SC Frankfurt-West"]

1. e4 e5 2. Nf3 Nc6 3. Bb5 a6 4. Ba4 Nf6 5. O-O Be7 6. Re1 b5 7. Bb3 O-O 8. c3
d6 9. d4 Bg4 10. Bd5 Nxd5 11. exd5 Nb8 12. dxe5 dxe5 13. Rxe5 Nd7 14. Re3 Nb6
15. Rd3 Qd6 16. Be3 Nc4 17. Rd4 Qg6 18. Qe2 Rfe8 19. Nbd2 Bc5 20. Rd3 Nxb2 21.
Nb3 Nxd3 22. Rd1 Nf4 0-1

[Event "Frankfurt Ch A 2019"]
[Site "Ffm-Höchst, BiKuZ"]
[Date "2019.05.13"]
[Round "3.32"]
[White "Balzereit, Georg"]
[Black "Rutsatz, Mario"]
[Result "1-0"]
[WhiteElo "1687"]
[BlackElo "1921"]
[PlyCount "99"]
[EventDate "2019.??.??"]
[WhiteTeam "vereinslos"]
[BlackTeam "SF Frankfurt"]

1. e4 e6 2. d4 d5 3. e5 c5 4. c3 Bd7 5. Nf3 Qb6 6. Bd3 Bb5 7. dxc5 Bxc5 8. b4
Be7 9. O-O Bxd3 10. Qxd3 Nc6 11. Be3 Qc7 12. Nbd2 a6 13. Rfe1 Nh6 14. Bxh6 gxh6
15. a4 h5 16. b5 Na5 17. Rac1 Nc4 18. Nxc4 Qxc4 19. Qe3 axb5 20. axb5 Qxb5 21.
Ra1 Rxa1 22. Rxa1 O-O 23. Qh6 Qb2 24. Rf1 Qxc3 25. Ng5 Qd3 26. Nxe6 fxe6 27.
Qxe6+ Rf7 28. Qc8+ Kg7 29. f4 Bc5+ 30. Qxc5 d4 31. e6 Qe3+ 32. Kh1 Qxe6 33.
Qxd4+ Qf6 34. Qd5 Qc6 35. Qxh5 Qg6 36. Qf3 b5 37. f5 Qg5 38. Qc3+ Kh6 39. Qh3+
Qh5 40. Qe3+ Qg5 41. Qb6+ Rf6 42. Qxb5 Qe3 43. h3 Qg3 44. Qb2 Qg5 45. Qe5 Kg7
46. Rf3 Kf8 47. Qb8+ Kg7 48. Rg3 Kh6 49. Rxg5 Kxg5 50. g4 1-0

[Event "Frankfurt Ch A 2019"]
[Site "Ffm-Höchst, BiKuZ"]
[Date "2019.05.13"]
[Round "3.33"]
[White "Winter, Olaf"]
[Black "Makilla, Tobias"]
[Result "0-1"]
[WhiteElo "1656"]
[BlackElo "1911"]
[PlyCount "88"]
[EventDate "2019.??.??"]
[WhiteTeam "SK Bad Homburg"]
[BlackTeam "SC Hattersheim"]

1. c4 e5 2. Nc3 Nc6 3. e3 Nf6 4. a3 a5 5. g3 Bc5 6. Bg2 d6 7. Nge2 O-O 8. O-O
Bg4 9. h3 Bh5 10. g4 Bg6 11. d4 Ba7 12. d5 Ne7 13. e4 h6 14. Kh2 Nd7 15. f4
exf4 16. Bxf4 Ne5 17. Bxe5 dxe5 18. b4 axb4 19. axb4 Be3 20. Qd3 Bg5 21. c5 Bh7
22. Nb5 Rxa1 23. Rxa1 c6 24. Nd6 Nxd5 25. Nxb7 Qc7 26. Nd6 Nf4 27. Nxf4 Bxf4+
28. Kh1 Rb8 29. Rb1 Qa7 30. Qc4 Bg6 31. Bf1 Kh7 32. b5 cxb5 33. Nxb5 Qa5 34.
Qc2 Rc8 35. Bd3 f6 36. c6 Be8 37. c7 Bxb5 38. Rxb5 Qe1+ 39. Kg2 Qg3+ 40. Kf1
Qxh3+ 41. Ke1 Qh1+ 42. Bf1 Qh4+ 43. Ke2 Qxg4+ 44. Kd3 Qf3+ 0-1

[Event "Frankfurt Ch A 2019"]
[Site "Ffm-Höchst, BiKuZ"]
[Date "2019.05.13"]
[Round "3.34"]
[White "Biegel, Thomas"]
[Black "Klamser, Dietmar"]
[Result "1-0"]
[WhiteElo "1905"]
[BlackElo "1638"]
[PlyCount "75"]
[EventDate "2019.??.??"]
[WhiteTeam "SVG Eppstein"]
[BlackTeam "SC Groß-Umstadt"]

1. Nf3 Nf6 2. c4 e6 3. g3 d5 4. Bg2 c6 5. O-O Be7 6. b3 Nbd7 7. Bb2 O-O 8. Nc3
Re8 9. Rc1 b6 10. cxd5 exd5 11. Nd4 Bb7 12. e3 Rc8 13. f4 Ba6 14. Nce2 Nc5 15.
Bh3 Rc7 16. Ba1 Bc8 17. Bg2 Bd7 18. Qc2 Rc8 19. h3 Nce4 20. Bb2 Nd6 21. Nf3 Bf5
22. d3 h6 23. g4 Bh7 24. Ne5 c5 25. Qd2 c4 26. dxc4 Nfe4 27. Qxd5 Rc5 28. Qd4
Bf6 29. Qd1 Qe7 30. Ba3 Bxe5 31. fxe5 Qxe5 32. Bxc5 Nxc5 33. Qd4 Qe7 34. Rcd1
Nde4 35. Rf4 Ne6 36. Rxe4 Nxd4 37. Rxe7 Nxe2+ 38. Kf2 1-0

[Event "Frankfurt Ch A 2019"]
[Site "Ffm-Höchst, BiKuZ"]
[Date "2019.05.13"]
[Round "3.35"]
[White "Krüger, Till"]
[Black "Stulken, Dietmar"]
[Result "1-0"]
[WhiteElo "1887"]
[BlackElo "1267"]
[PlyCount "85"]
[EventDate "2019.??.??"]
[WhiteTeam "SC Nidderau"]
[BlackTeam "SF Frankfurt"]

1. c4 c5 2. g3 Nc6 3. Bg2 e5 4. Nc3 d6 5. e3 Nf6 6. Nge2 Be7 7. a3 O-O 8. O-O
Qc7 9. Rb1 Be6 10. Nd5 Qd7 11. b4 Bd8 12. b5 Nb8 13. Nec3 Bh3 14. Nxf6+ Bxf6
15. Nd5 Bxg2 16. Kxg2 Bd8 17. d4 Qf5 18. Bb2 Nd7 19. Qe2 Re8 20. e4 Qg6 21.
dxc5 Nxc5 22. f3 Rc8 23. Bc3 Ne6 24. Rfd1 Bb6 25. Kh1 Bc5 26. a4 Nc7 27. Ne3
Bxe3 28. Qxe3 a6 29. Bb4 Re6 30. Qb6 Qf6 31. Rb3 Qd8 32. Rxd6 Rxd6 33. Qxd6
Qxd6 34. Bxd6 f6 35. Bb4 Ne6 36. Rc3 Rd8 37. c5 Rd1+ 38. Kg2 Rb1 39. Rc4 Rb2+
40. Kf1 Rxh2 41. bxa6 bxa6 42. c6 Nc7 43. Ba5 1-0

[Event "Frankfurt Ch A 2019"]
[Site "Ffm-Höchst, BiKuZ"]
[Date "2019.05.13"]
[Round "3.36"]
[White "Viol, Julius"]
[Black "Stuhlmann, Florian"]
[Result "1-0"]
[WhiteElo "1675"]
[BlackElo "1875"]
[PlyCount "68"]
[EventDate "2019.??.??"]
[WhiteTeam "FC Bierstadt"]
[BlackTeam "SC Lindenholzhausen"]

1. d4 d5 2. c4 e6 3. Nc3 Nf6 4. cxd5 exd5 5. Bg5 Be7 6. e3 O-O 7. Bd3 Nbd7 8.
Qc2 Re8 9. Nf3 Nf8 10. O-O c6 11. Bxf6 Bxf6 12. b4 Bg4 13. Nd2 Rc8 14. Nb3 b6
15. Rac1 Bg5 16. Ba6 Rc7 17. Nb5 Rce7 18. Qxc6 Be2 19. Rfe1 Bc4 20. Nd2 Nd7 21.
Nxc4 Nb8 22. Qc8 dxc4 23. Rxc4 Qd5 24. Rcc1 Qxa2 25. Nd6 g6 26. Nxe8 Qxa6 27.
Qxb8 Qa3 28. Qg3 Bxe3 29. Nf6+ Kg7 30. fxe3 Kxf6 31. Qh4+ Ke6 32. d5+ Kd7 33.
Rc7+ Kxc7 34. Qxe7+ Kb8 1-0

[Event "Frankfurt Ch A 2019"]
[Site "Ffm-Höchst, BiKuZ"]
[Date "2019.05.13"]
[Round "3.37"]
[White "Henrich, Frederik"]
[Black "Pauly, Markus"]
[Result "0-1"]
[WhiteElo "1561"]
[BlackElo "1864"]
[PlyCount "60"]
[EventDate "2019.??.??"]
[WhiteTeam "Frankfurter TV"]
[BlackTeam "Sfr. Erbach"]

1. e4 c5 2. Nc3 a6 3. g3 b5 4. Bg2 Bb7 5. d3 e6 6. Nh3 Nf6 7. O-O b4 8. Ne2 d5
9. e5 Nfd7 10. f4 Be7 11. c3 Qb6 12. d4 cxd4 13. cxd4 O-O 14. Kh1 f6 15. b3 Nc6
16. Bb2 a5 17. f5 fxe5 18. fxe6 Rxf1+ 19. Qxf1 Nf6 20. dxe5 Ne4 21. Qf7+ Kh8
22. Rf1 Qc5 23. Bxe4 dxe4 24. Qh5 e3 25. Kg1 Qc2 26. Ba1 Qe4 27. Nhf4 Nxe5 28.
Ng6+ Nxg6 29. Bxg7+ Kg8 30. Qf5 Qh1# 0-1

[Event "Frankfurt Ch A 2019"]
[Site "Ffm-Höchst, BiKuZ"]
[Date "2019.05.13"]
[Round "3.38"]
[White "Masoudi, Kian"]
[Black "Adair, Robin"]
[Result "1/2-1/2"]
[WhiteElo "1537"]
[BlackElo "1792"]
[PlyCount "67"]
[EventDate "2019.??.??"]
[WhiteTeam "SC Bergen-Enkheim"]
[BlackTeam "SC Nidderau"]

1. e4 g6 2. d4 Bg7 3. f4 d6 4. h3 e5 5. Nf3 exd4 6. Bd3 Nc6 7. a3 Bd7 8. O-O
Qe7 9. f5 O-O-O 10. Bg5 f6 11. Bf4 g5 12. Bh2 h5 13. c3 g4 14. hxg4 hxg4 15.
Nxd4 Rxh2 16. Kxh2 Qe5+ 17. g3 Nxd4 18. cxd4 Qxd4 19. Nc3 Ne7 20. Qe2 Nc6 21.
Rad1 Ne5 22. Kg2 Bh6 23. Bb1 Qc5 24. Nd5 Bb5 25. Qf2 Bxf1+ 26. Rxf1 Bg5 27. Rh1
c6 28. Ne7+ Kb8 29. b4 Qc3 30. Ng6 Nc4 31. Rh5 Ne3+ 32. Kh2 Rd7 33. Nf8 Rd8 34.
Ne6 1/2-1/2

[Event "Frankfurt Ch A 2019"]
[Site "Ffm-Höchst, BiKuZ"]
[Date "2019.05.13"]
[Round "3.39"]
[White "Fröhlich-Dill, Astrid"]
[Black "Mayer, Andreas"]
[Result "1-0"]
[WhiteElo "1810"]
[BlackElo "1446"]
[PlyCount "51"]
[EventDate "2019.??.??"]
[WhiteTeam "SV Hofheim"]
[BlackTeam "SF Frankfurt"]

1. d4 d5 2. Nf3 Nc6 3. Bf4 Bg4 4. e3 e6 5. Nbd2 Bd6 6. Bxd6 Qxd6 7. h3 Bh5 8.
a3 Nf6 9. Be2 h6 10. c4 O-O 11. cxd5 exd5 12. O-O Ne7 13. Rc1 c6 14. Nb3 Ne4
15. g4 Ng3 16. gxh5 Nxf1 17. Qxf1 g6 18. Ne5 gxh5 19. Bxh5 Kh7 20. Qd3+ f5 21.
Kf1 Rg8 22. Bg4 Qf6 23. Nc5 Kh8 24. Bh5 Rg5 25. Nf7+ Kg7 26. Nxg5 1-0

[Event "Frankfurt Ch A 2019"]
[Site "Ffm-Höchst, BiKuZ"]
[Date "2019.05.13"]
[Round "3.40"]
[White "Jakesevic, Ivan"]
[Black "Gutacker, Stephan"]
[Result "0-1"]
[WhiteElo "1640"]
[BlackElo "1796"]
[PlyCount "70"]
[EventDate "2019.??.??"]
[WhiteTeam "FC Bierstadt"]
[BlackTeam "Sfr. Kelkheim"]

1. Nf3 c5 2. c3 d5 3. d4 e6 4. Bf4 Nf6 5. e3 Nc6 6. Bd3 cxd4 7. exd4 Be7 8.
Nbd2 Nh5 9. Bg3 Nxg3 10. hxg3 g6 11. Qc2 Bf6 12. O-O-O Bd7 13. Rh2 Rc8 14. a3
Bxd4 15. Nb3 Bf6 16. Rdh1 Ke7 17. Rxh7 Rxh7 18. Rxh7 Qg8 19. Bxg6 Be8 20. Bd3
Qg4 21. Kb1 a6 22. Rh1 b5 23. Nc5 Ra8 24. Re1 Na5 25. Qe2 Nc4 26. Nd4 Qxe2 27.
Rxe2 Bxd4 28. cxd4 a5 29. f4 Bd7 30. g4 Rh8 31. b3 Nxa3+ 32. Kb2 b4 33. Nxd7
Kxd7 34. f5 Rh4 35. fxe6+ fxe6 0-1

[Event "Frankfurt Ch A 2019"]
[Site "Ffm-Höchst, BiKuZ"]
[Date "2019.05.13"]
[Round "3.41"]
[White "Schneider, Luca"]
[Black "Diehl, Stefan"]
[Result "0-1"]
[WhiteElo "1603"]
[BlackElo "1771"]
[PlyCount "74"]
[EventDate "2019.??.??"]
[WhiteTeam "FC Bierstadt"]
[BlackTeam "SC Höchst"]

1. Nf3 f5 2. d4 Nf6 3. c4 e6 4. Nc3 b6 5. g3 Bb7 6. Bg2 Be7 7. O-O O-O 8. Bf4
Nh5 9. Bd2 d6 10. b4 Qe8 11. Qb3 Nd7 12. Nb5 Bd8 13. Rac1 a6 14. Na3 Qg6 15.
Nh4 Bxh4 16. Bxb7 Rab8 17. Bxa6 f4 18. Be1 fxg3 19. hxg3 Nf4 20. Qc2 Qg4 21. c5
Qh3 22. Qe4 Nf6 23. Qh1 Ra8 24. Qxh3 Nxh3+ 25. Kg2 Rxa6 26. Kxh3 Rxa3 27. Kxh4
Ne4 28. Rc2 Nxg3 29. Rg1 Nf5+ 30. Kg4 Rf6 31. Rh1 Nxd4 32. Rb2 e5 33. e3 Rg6+
34. Kh3 Nf3 35. Bd2 Rh6+ 36. Kg2 Rxh1 37. Kxh1 Rd3 0-1

[Event "Frankfurt Ch A 2019"]
[Site "Ffm-Höchst, BiKuZ"]
[Date "2019.05.13"]
[Round "3.42"]
[White "Fischer, Lutz"]
[Black "Bittner, Peter"]
[Result "1/2-1/2"]
[WhiteElo "1557"]
[BlackElo "1737"]
[PlyCount "120"]
[EventDate "2019.??.??"]
[WhiteTeam "SF Frankfurt"]
[BlackTeam "SC Nied"]

1. e4 e5 2. Nf3 Nc6 3. Bb5 Nf6 4. d3 d6 5. c3 Be7 6. O-O Bg4 7. h3 Bh5 8. Nbd2
h6 9. Re1 g5 10. Qa4 g4 11. Bxc6+ bxc6 12. Qxc6+ Nd7 13. hxg4 Bxg4 14. d4 Kf8
15. b3 Rg8 16. dxe5 Rg6 17. Qd5 Be6 18. Qa5 Bg4 19. exd6 Bxd6 20. Ba3 Bxa3 21.
Qxa3+ Kg8 22. Re3 Bh3 23. g3 Qf6 24. Rae1 Kh7 25. Kh2 Bg4 26. Qa5 c5 27. Qc7
Rag8 28. Qf4 Qxf4 29. gxf4 Bxf3 30. Rxf3 Rg2+ 31. Kh3 Nf6 32. e5 Nh5 33. Ne4
R2g4 34. Nf6+ Nxf6 35. exf6 R4g6 36. Re7 Rxf6 37. Rxa7 Rf5 38. Kh4 h5 39. Ra4
Rg4+ 40. Kh3 Kh6 41. Rc4 Rg1 42. Rg3 Ra1 43. Rg5 Rxg5 44. fxg5+ Kxg5 45. Rxc5+
Kf4 46. a4 Ra2 47. Kg2 f5 48. a5 Ra3 49. b4 Ke4 50. Kg3 f4+ 51. Kg2 h4 52. Rc4+
Kf5 53. Kh3 Ra2 54. Rc5+ Ke4 55. Kxh4 Rxf2 56. Kh3 f3 57. Rc8 Rf1 58. Kh2 Rf2+
59. Kg1 Ra2 60. Re8+ Kd3 1/2-1/2

[Event "Frankfurt Ch A 2019"]
[Site "Ffm-Höchst, BiKuZ"]
[Date "2019.05.13"]
[Round "3.43"]
[White "Hambel, Christoph"]
[Black "Schlumbohm, Nils"]
[Result "1-0"]
[WhiteElo "1719"]
[BlackElo "1584"]
[PlyCount "67"]
[EventDate "2019.??.??"]
[WhiteTeam "Bad Vilbeler Sfr."]
[BlackTeam "Berkershm"]

1. c4 Nf6 2. Nc3 g6 3. g3 Bg7 4. Bg2 d6 5. d3 O-O 6. e3 c6 7. Nge2 a5 8. O-O
Bg4 9. h3 Bd7 10. Kh2 Na6 11. b3 e5 12. Bb2 Qc7 13. d4 Rad8 14. d5 Nc5 15. e4
Nh5 16. Ba3 Bc8 17. Qc2 f5 18. Bxc5 dxc5 19. dxc6 bxc6 20. exf5 gxf5 21. Rad1
Rxd1 22. Rxd1 e4 23. Qd2 f4 24. Bxe4 fxg3+ 25. Nxg3 Nxg3 26. fxg3 Qe5 27. Rc1
Qe6 28. Bg2 Bh6 29. Qe1 Bxc1 30. Qxc1 Rf2 31. Qg5+ Kh8 32. Qd8+ Kg7 33. Qg5+
Kf8 34. Qxc5+ 1-0

[Event "Frankfurt Ch A 2019"]
[Site "Ffm-Höchst, BiKuZ"]
[Date "2019.05.13"]
[Round "3.44"]
[White "Brauch, Manfred"]
[Black "Lopez Fuertes, Victor"]
[Result "1/2-1/2"]
[WhiteElo "1659"]
[BlackElo "1548"]
[PlyCount "70"]
[EventDate "2019.??.??"]
[WhiteTeam "SG Pieroth"]
[BlackTeam "SC Höchst"]

1. d4 d5 2. Nf3 Nf6 3. e3 c6 4. Bd3 Bg4 5. Nbd2 e6 6. O-O Bd6 7. Qe1 Qc7 8. h3
Bh5 9. c4 Bg6 10. Qe2 Ne4 11. c5 Be7 12. Ne5 Nxd2 13. Bxd2 Bxd3 14. Qxd3 O-O
15. b4 f6 16. Nf3 e5 17. e4 Rd8 18. Rfe1 Kh8 19. exd5 Rxd5 20. Qe4 Nd7 21. Bc3
a5 22. dxe5 fxe5 23. Nxe5 Nxe5 24. Bxe5 Rxe5 25. Qxe5 Qxe5 26. Rxe5 Bf6 27.
Rae1 Bxe5 28. Rxe5 axb4 29. Re7 Rb8 30. Re4 Kg8 31. Rxb4 Kf7 32. f3 Ke7 33. Rd4
b5 34. a3 Ra8 35. Rd3 Ra4 1/2-1/2

[Event "Frankfurt Ch A 2019"]
[Site "Ffm-Höchst, BiKuZ"]
[Date "2019.05.13"]
[Round "3.45"]
[White "Both, Günter"]
[Black "Stoll, Ulrich"]
[Result "1/2-1/2"]
[WhiteElo "1506"]
[BlackElo "1646"]
[PlyCount "58"]
[EventDate "2019.??.??"]
[WhiteTeam "SK Bischofsheim"]
[BlackTeam "Bad Vilbeler Sfr."]

1. e4 d5 2. exd5 Qxd5 3. Nc3 Qd6 4. d4 c6 5. Be3 Nf6 6. Be2 g6 7. a3 Bg7 8. h3
O-O 9. Nf3 Nbd7 10. O-O Nb6 11. Rb1 Be6 12. Nh2 Bc4 13. b4 Bxe2 14. Qxe2 e6 15.
Nf3 Nbd5 16. Nxd5 cxd5 17. c4 dxc4 18. Qxc4 Rac8 19. Qb3 Qd5 20. Qxd5 Nxd5 21.
Rbc1 b6 22. Rxc8 Rxc8 23. Rc1 Rxc1+ 24. Bxc1 Nc3 25. Kf1 Nb5 26. Bb2 Nd6 27.
Nd2 b5 28. Ke2 Bh6 29. Kd3 Bxd2 1/2-1/2

[Event "Frankfurt Ch A 2019"]
[Site "Ffm-Höchst, BiKuZ"]
[Date "2019.05.13"]
[Round "3.46"]
[White "Popp, Matthias"]
[Black "Fernandez Egea, Andres"]
[Result "0-1"]
[WhiteElo "1564"]
[BlackElo "1829"]
[PlyCount "64"]
[EventDate "2019.??.??"]
[WhiteTeam "SC Bergen-Enkheim"]
[BlackTeam "SF Frankfurt"]

1. d4 Nf6 2. Nf3 e6 3. Bf4 c5 4. e3 d5 5. c3 Nc6 6. Nbd2 Bd6 7. Ne5 Qc7 8. Qa4
O-O 9. Nxc6 Bxf4 10. exf4 bxc6 11. g3 cxd4 12. Qxd4 c5 13. Qe5 Qb6 14. b3 a5
15. Be2 Rd8 16. h4 Bb7 17. h5 Nd7 18. Qg5 h6 19. Qe7 Nf6 20. b4 axb4 21. cxb4
c4 22. g4 Rd7 23. Qc5 Qxc5 24. bxc5 c3 25. Nb3 d4 26. O-O d3 27. Bd1 c2 28. g5
cxd1=Q 29. Rfxd1 Nxh5 30. gxh6 Nxf4 31. hxg7 Kxg7 32. a4 Bf3 0-1

[Event "Frankfurt Ch A 2019"]
[Site "Ffm-Höchst, BiKuZ"]
[Date "2019.05.13"]
[Round "3.47"]
[White "Trierweiler, Joachim"]
[Black "Leichum, Engelbert"]
[Result "1-0"]
[WhiteElo "1805"]
[BlackElo "1570"]
[PlyCount "81"]
[EventDate "2019.??.??"]
[WhiteTeam "Vorw.Orient Mainz"]
[BlackTeam "vereinslos"]

1. Nf3 d5 2. c4 Bg4 3. Ne5 Bh5 4. Qb3 Nc6 5. Nxc6 bxc6 6. Qb7 Nf6 7. Qxc6+ Nd7
8. cxd5 Rb8 9. Nc3 Rb6 10. Qa4 e6 11. a3 Bd6 12. d4 O-O 13. e3 e5 14. Be2 Bg6
15. O-O exd4 16. Qxd4 Be5 17. Qd1 Nf6 18. Bf3 Bxc3 19. bxc3 Be4 20. Bxe4 Nxe4
21. Qd4 f5 22. c4 Rh6 23. Bb2 Rff6 24. f3 Qd6 25. Qe5 Nd2 26. Qxd6 Rxd6 27. Be5
Rd7 28. Bf4 Rg6 29. e4 Nxf1 30. Rxf1 fxe4 31. fxe4 Re7 32. e5 Rb6 33. c5 Rb3
34. d6 cxd6 35. exd6 Rf7 36. c6 Kf8 37. d7 Ke7 38. Bg5+ Rf6 39. Re1+ Kd8 40.
Bxf6+ gxf6 41. Re8+ 1-0

[Event "Frankfurt Ch A 2019"]
[Site "Ffm-Höchst, BiKuZ"]
[Date "2019.05.13"]
[Round "3.49"]
[White "Burkart, Lloyd Shang"]
[Black "Schellen, Sven"]
[Result "1/2-1/2"]
[WhiteElo "1484"]
[BlackElo "1768"]
[PlyCount "111"]
[EventDate "2019.??.??"]
[WhiteTeam "TuS Makkabi"]
[BlackTeam "SF Frankfurt"]

1. d4 d5 2. c4 e6 3. Nf3 c5 4. cxd5 exd5 5. g3 Nc6 6. Bg2 Nf6 7. O-O Be7 8.
dxc5 Bxc5 9. Nc3 O-O 10. Na4 Be7 11. Be3 Be6 12. Rc1 Ng4 13. Bc5 Nge5 14. Nd4
Nxd4 15. Bxd4 Nc6 16. Bc5 Re8 17. Bxe7 Qxe7 18. Nc5 Rad8 19. Qc2 Nd4 20. Qd2
Nf5 21. e3 Qf6 22. Qc3 d4 23. Qa3 dxe3 24. fxe3 Qe5 25. e4 Nd4 26. Kh1 Ne2 27.
Rc2 Nd4 28. Rcc1 Ne2 29. Rc2 Rc8 30. Nd3 Qh5 31. Nf4 Nxf4 32. Rxc8 Rxc8 33.
gxf4 Qc5 34. Qg3 Bxa2 35. f5 Qc7 36. Qg4 f6 37. Qf3 Qe5 38. Qa3 Bf7 39. Qxa7
Qxb2 40. e5 Qxe5 41. Qxb7 Rb8 42. Qf3 Bc4 43. Rg1 Kf7 44. Qf2 Re8 45. Qa7+ Re7
46. Qf2 Qe2 47. Qg3 Qd3 48. Qf2 Qe3 49. Qc2 Bb3 50. Qb2 Qd3 51. Qf2 Re3 52. Qf4
Qc3 53. Qf2 Qe5 54. Qf1 Re2 55. Qf3 Re3 56. Qf2 Bd5 57. Qf1 Bxg2 58. Qxg2 Qxf5 
59. Qb7+ Re7 60. Qb3+ Qe6 61. Qg3 Qe4+ 62. Rg2 Qe1+ 63. Rg1 Qe4+ 64. Rg2 Qe1+ 1/2-1/2

[Event "Frankfurt Ch A 2019"]
[Site "Ffm-Höchst, BiKuZ"]
[Date "2019.05.13"]
[Round "3.50"]
[White "Kautz, Thomas"]
[Black "Klikic, Drazen"]
[Result "1/2-1/2"]
[WhiteElo "1742"]
[BlackElo "1488"]
[PlyCount "42"]
[EventDate "2019.??.??"]
[WhiteTeam "SK Niederbrechen"]
[BlackTeam "SC Nied"]

1. d4 Nf6 2. Nf3 e6 3. c4 d5 4. Nc3 c5 5. e3 Nc6 6. Be2 cxd4 7. Nxd4 Nxd4 8.
Qxd4 Be7 9. O-O O-O 10. Rd1 dxc4 11. Qxc4 Bd7 12. b3 Rc8 13. Qd3 Bc6 14. Bb2
Qxd3 15. Rxd3 Rfd8 16. Rad1 Rxd3 17. Rxd3 h6 18. Bf3 Bxf3 19. gxf3 a6 20. Kf1
b5 21. Ke2 Kf8 1/2-1/2

[Event "Frankfurt Ch A 2019"]
[Site "Ffm-Höchst, BiKuZ"]
[Date "2019.05.13"]
[Round "3.51"]
[White "Mayer, Rolf"]
[Black "Hitzer, Dieter"]
[Result "0-1"]
[WhiteElo "1437"]
[BlackElo "1682"]
[PlyCount "76"]
[EventDate "2019.??.??"]
[WhiteTeam "SC Flörsheim"]
[BlackTeam "Bad Vilbeler Sfr."]

1. d4 Nf6 2. Nf3 e6 3. Bf4 c5 4. e3 d5 5. c3 Nc6 6. Nbd2 Bd6 7. Bg3 O-O 8. Bd3
b6 9. Qe2 cxd4 10. cxd4 Nb4 11. Bxd6 Qxd6 12. O-O Nxd3 13. Qxd3 Bb7 14. Rfc1
Rfc8 15. Ne5 Ne8 16. Nb3 f6 17. Nf3 Qd7 18. Qf1 Nd6 19. Nfd2 a5 20. Rxc8+ Rxc8
21. Rc1 a4 22. Na1 Rc7 23. Rxc7 Qxc7 24. Qd1 Qc6 25. Nc2 Nc4 26. b3 Nb2 27. Qb1
Qc3 28. Qc1 Nd3 29. Qd1 Ba6 30. bxa4 Nb2 31. Qc1 Bd3 32. Nb1 Qxc2 33. Qxc2 Bxc2
34. Nc3 Bxa4 35. Kf1 b5 36. Ke1 Kf8 37. Kd2 Ke7 38. Kc1 Nd3+ 0-1

[Event "Frankfurt Ch A 2019"]
[Site "Ffm-Höchst, BiKuZ"]
[Date "2019.05.13"]
[Round "3.53"]
[White "Knödler, Marcel"]
[Black "Arnold, Aaron"]
[Result "1-0"]
[WhiteElo "1662"]
[BlackElo "1424"]
[PlyCount "81"]
[EventDate "2019.??.??"]
[WhiteTeam "FC Bierstadt"]
[BlackTeam "SC Frankfurt-West"]

1. c4 d6 2. g3 Nf6 3. Bg2 g6 4. Nc3 Bg7 5. d3 O-O 6. e3 e5 7. Nge2 c5 8. a3 Nc6
9. Rb1 a5 10. O-O Be6 11. Na4 Qc7 12. Nec3 Na7 13. b4 axb4 14. axb4 cxb4 15.
Rxb4 Nc6 16. Rb1 Rfd8 17. Bd2 Bf5 18. Nb5 Qe7 19. e4 Bg4 20. f3 Bd7 21. Nb6
Rab8 22. Bg5 h6 23. Nd5 Qf8 24. Bxf6 Bxf6 25. Nxf6+ Kg7 26. Nxd7 Rxd7 27. Bh3
Rdd8 28. d4 Na5 29. d5 Nxc4 30. Qd3 Nb6 31. Nc7 Nd7 32. Bxd7 Rxd7 33. Rfc1 Qd8
34. Qc3 Qf6 35. Rxb7 Rxc7 36. Rxc7 h5 37. Kg2 h4 38. Rc8 hxg3 39. Rxb8 gxh2 40.
Qe3 Qh4 41. Rh1 1-0

[Event "Frankfurt Ch A 2019"]
[Site "Ffm-Höchst, BiKuZ"]
[Date "2019.05.13"]
[Round "3.54"]
[White "John, Volkmar"]
[Black "Bernhardt, Winfried"]
[Result "0-1"]
[WhiteElo "1646"]
[BlackElo "1419"]
[PlyCount "88"]
[EventDate "2019.??.??"]
[WhiteTeam "SC Herborn"]
[BlackTeam "SV Nauheim"]

1. e4 e5 2. Nf3 d6 3. Bc4 h6 4. c3 Nf6 5. d4 exd4 6. Qxd4 Be7 7. O-O O-O 8. Re1
Nc6 9. Qe3 Ng4 10. Qf4 Nge5 11. Bb3 Nd3 12. Qg3 Nxe1 13. Nxe1 Bg5 14. f4 Bh4
15. Qe3 Bxe1 16. Qxe1 Na5 17. Bc2 c6 18. Nd2 Qb6+ 19. Kh1 c5 20. Qg3 Qd8 21.
Nf3 Qf6 22. Bd3 c4 23. Bc2 b5 24. Be3 Qg6 25. Qf2 Qf6 26. e5 dxe5 27. fxe5 Qe7
28. Bc5 Qc7 29. Bxf8 Kxf8 30. Re1 a6 31. Nd4 Rb8 32. e6 Qe7 33. Nf5 Qf6 34.
Qc5+ Kg8 35. Ne7+ Kh8 36. Nxc8 fxe6 37. Qc7 Rb7 38. Qd6 Rf7 39. h3 Qh4 40. Qxe6
Rf8 41. Nd6 Qf2 42. Qe4 g6 43. Re2 Qg3 44. Qxg6 Rf1# 0-1

[Event "Frankfurt Ch A 2019"]
[Site "Ffm-Höchst, BiKuZ"]
[Date "2019.05.13"]
[Round "3.55"]
[White "Arnold, Jan"]
[Black "Staggat, Rolf"]
[Result "1-0"]
[WhiteElo "1375"]
[BlackElo "1591"]
[PlyCount "69"]
[EventDate "2019.??.??"]
[WhiteTeam "SC Frankfurt-West"]
[BlackTeam "Schierstein"]

1. e4 c5 2. Nc3 Nc6 3. f4 d6 4. Bc4 Nf6 5. Nf3 Bg4 6. O-O g6 7. d3 Bg7 8. Qe1
O-O 9. e5 dxe5 10. Nxe5 Nxe5 11. fxe5 Ne8 12. Qh4 Qd4+ 13. Kh1 Bxe5 14. Nd5 Bd6
15. Nxe7+ Bxe7 16. Qxe7 Bf5 17. c3 Qd7 18. Bg5 Ng7 19. Qxd7 Bxd7 20. Be7 Ne6
21. Bxf8 Kxf8 22. Rae1 Kg7 23. Re5 Rc8 24. Rfe1 b6 25. Rd5 Rc7 26. Rd6 Bc8 27.
Re3 Kf8 28. Bb5 Ke7 29. Rc6 Rxc6 30. Bxc6 Kd6 31. Bb5 h5 32. Bc4 Bd7 33. Kg1
Nd8 34. Rf3 Ne6 35. Rxf7 1-0

[Event "Frankfurt Ch A 2019"]
[Site "Ffm-Höchst, BiKuZ"]
[Date "2019.05.13"]
[Round "3.56"]
[White "Stricker, Konstantin"]
[Black "Hedrich, Gerd"]
[Result "1-0"]
[WhiteElo "1589"]
[BlackElo "1317"]
[PlyCount "109"]
[EventDate "2019.??.??"]
[WhiteTeam "SC Eschbach"]
[BlackTeam "Wiesbadener SV"]

1. Nf3 Nf6 2. g3 d5 3. Bg2 c5 4. d3 Bf5 5. O-O h6 6. Nh4 Bh7 7. c4 e6 8. Nc3
Nc6 9. cxd5 exd5 10. Qb3 Rb8 11. Nxd5 Nd4 12. Nxf6+ Qxf6 13. Qd1 Be7 14. Nf3
O-O 15. Bd2 b6 16. Bc3 Rbd8 17. Nxd4 cxd4 18. Bd2 Qe6 19. Re1 Rfe8 20. a3 Bf6
21. Qa4 Re7 22. Rac1 Bf5 23. Rc6 Rd6 24. Rxd6 Qxd6 25. Bb4 Qd7 26. Bc6 Qe6 27.
Bxe7 Bxe7 28. Bf3 Qd7 29. Qxd7 Bxd7 30. Rc1 Bd6 31. Rc4 Be5 32. Bd5 Kf8 33. f4
b5 34. Rc2 Bd6 35. Bc6 Ke7 36. Kf2 f5 37. Bxd7 Kxd7 38. e3 dxe3+ 39. Kxe3 Ke6
40. Kd4 g5 41. fxg5 hxg5 42. Re2+ Kd7 43. Kd5 f4 44. gxf4 Bxf4 45. h3 Kc7 46.
Re7+ Kb6 47. Re6+ Kb7 48. b3 Bc1 49. a4 bxa4 50. bxa4 a6 51. Ke5 a5 52. Kf5 Bf4
53. Rg6 Be3 54. Rxg5 Bxg5 55. Kxg5 1-0